000 01937nam a22002057a 4500
005 20250715162725.0
008 th tha d
040 _aNALT
041 _atha
090 _aELR 5/1
100 0 _aชูพงศ์ นิลสกุล
_92920
245 1 0 _aการปฏิบัติหน้าที่ผู้ช่วยเลขานุการตามข้อบังคับการประชุมสภาผู้แทนราษฎร พ.ศ. 2551 ข้อ 122 ในคณะกรรมาธิการวิสามัญพิจารณาร่างพระราชบัญญัติประกอบรัฐธรรมนูญว่าด้วยการเลือกตั้งสมาชิกสภาผู้แทนราษฎรและการได้มาซึ่งสมาชิกวุฒิสภา (ฉบับที่..) พ.ศ. .... /
_cชูพงศ์ นิลสกุล.
246 3 0 _aเอกสารแสดงผลงาน ลำดับที่ 1
260 _aกรุงเทพฯ :
_bสำนักงานเลขาธิการสภาผู้แทนราษฎร,
_cม.ป.ป.
300 _a86 หน้า :
_bภาพประกอบ, ตาราง ;
_c29 ซม.
610 2 4 _912273
_aคณะกรรมาธิการวิสามัญพิจารณาร่างพระราชบัญญัติประกอบรัฐธรรมนูญว่าด้วยการเลือกตั้งสมาชิกสภาผู้แทนราษฎรและการได้มาซึ่งสมาชิกวุฒิสภา (ฉบับที่..) พ.ศ. ....
_xการประชุม
_xเลขานุการ
850 _aNALT
856 4 0 _uhttps://hdl.handle.net/20.500.14156/527187
942 _cIS
_2local
_04
999 _c76101
_d76101
998 _j6650
_k นางสาววารี เกตุโฉม